| 000 | 00880cam a22002291 4500 | ||
|---|---|---|---|
| 001 | gs 24000192 | ||
| 003 | DLC | ||
| 005 | 20260227111328.0 | ||
| 008 | 900521s1924 wauaf s000 0 eng c | ||
| 010 | _ags 24000192 | ||
| 035 | _a(OCoLC)21565236 | ||
| 040 |
_aLibrary, U.S. Geological Survey _cTxU _dTxU _dDLC |
||
| 042 | _apremarc | ||
| 050 | 0 | 0 |
_aTL671 _b.M55 |
| 100 | 1 | _aMinshall, Robert James. | |
| 245 | 1 | 0 |
_aDevelopment of influence lines as applied to statically indeterminate airplane beams, _cby Robert James Minshall and Frederick Burt Farquharson ... |
| 260 |
_aSeattle, Wash., _bThe University, _c1924. |
||
| 300 |
_a15, [1] p. _billus., plates, diagrs. (10 fold.) _c23 cm. |
||
| 490 | 0 |
_aWashington (State) University. Engineering Experiment Station. Engineering station series. Bulletin _vno. 25 |
|
| 650 | 0 | _aAirplanes. | |
| 700 | 1 | _aFarquharson, Frederick Burt. | |
| 999 |
_c26330 _d26330 |
||